000 00294nam a2200121 a 4500
005 20141022141958.0
008 120302s19uu xx 00 eng d
050 _aCD
_bY9 2006
100 _aYule, George
245 _aOxford practice grammar /
_cGeorge Yule.
260 _c2006.
942 _cAVM
999 _c276084
_d276084